000 01028nam a22003137i 4500
003 EG-GICUC
005 20260211134237.0
008 260211s1994 uk ||||fr|||| 000 0 eng d
020 _a1859661033
040 _aEG-GiCUC
_beng
_cEG-GiCUC
_dEG-GiCUC
_eRda
082 0 4 _221
_a341
_bGA . I
092 0 4 _221
099 _aLaw1 11 341 GA . I 1994
100 1 _aGao, Zhiguo
_eAuthor.
245 1 0 _aInternational Petroleum Contracts Current Trends and New Directions /
_b
_cZhiguo Gao.
_n
264 1 _aLondon :
_bGraham Trotman/martinus Nijhoff Members of the Kluwer Academic Publishers Group,
_c1994.
300 _a257page :
_billustration ;
_c 24 cm.
336 _2rda contenu
_a texte
337 _2rda medias
_aOrdinateur
338 _2 transporteur rda
_a Ressource en ligne
500 _a
504 _a
546 _aText in English
650 1 4 _aPublic international law
_2
651 1 _2
856 4 0 _uhttps://fll.law.cu.edu.eg/fulltext/bks/B11-07344.pdf
905 _a50
942 _2ddc
_cBK
_e21
_n0
999 _c62604
_d62604